Open Data Biblioteca Nacional de Portugal


República Portuguesa: Ministério da Cultura
Biblioteca Nacional de Portugal

Catálogo da BNP: acesso por Identificadores Unívocos
Registos Bibliográficos associados ao registo de autoridade

Etiqueta de registo: 00254nbm 2200025 450
001 2219440
003 http://id.bnportugal.gov.pt/bib/catbnp/2219440
100 ## $a20250707f18171822k y0pory01030103ba
101 0# $apor
102 ## $aPT
105 ## $ay z 000yy
106 ## $ah
200 1# $a [ Relações de livros de história]
210 #1 $aLisboa,$d1817-1822
215 ## $a3 docs. (11 f.)$d32 cm
300 ## $aOriginais, assinados por Eliziário Cristóvão Gerard e José Joaquim Xavier Soeiro
321 1# $aInventário do Arquivo Histórico da Biblioteca Nacional: 1796-1950. Lisboa: BN, 1996. P. 100-101
327 11 $aLivros que entraram para a 2º sala de História em 12 de Fevereiro de 1817; Livros e Folhetos que entraram para a 2º sala de história em 12 de Abril de 1820; Obras recebidas na sala I de História em 30 de Janeiro de 1821; Lista de periódicos recebido na sala I de história, em 1822
701 #1 $a Soeiro,$bJosé Joaquim Xavier$4070$31959538
701 #1 $aGerard, $bEliziário Cristóvão$4070$31959549
710 01 $aPortugal.$bBiblioteca Nacional de Lisboa$3992452
801 #0 $aPT$bBN$gRPC
966 ## $lBN$mRESARQ$sAHBN/AC/07/Cx. 03-Mc. 07
971 ## $cmrosario$d20250707

Etiqueta de registo: 00254nbm 2200025 450
001 2286248
003 http://id.bnportugal.gov.pt/bib/catbnp/2286248
100 ## $a20260513j18171833k y0pory01030103ba
101 0# $apor
102 ## $aPT
105 ## $ay z 000yy
106 ## $ah
200 1# $a [ Informações dirigidas aos funcionários relativas a vários procedimentos técnicos e administrativos a adoptar para o funcionamento da Biblioteca]
210 #1 $aLisboa,$d[1817-1833]
215 ## $a91 doc. (98 f.)$d37 cm
300 ## $aOriginais autógrafos de Monsenhor Joaquim José Ferreira Gordo, alguns assinados
321 1# $aInventário do Arquivo Histórico da Biblioteca Nacional: 1796-1950. Lisboa: BN, 1996. P. 56-57
700 #1 $aGordo,$bJoaquim José Ferreira,$f1758-1838$3101870
702 #1 $aOldemberg,$bAntónio Feliciano Velho,$f1794-1846$4660$31780653
702 #1 $a Soeiro,$bJosé Joaquim Xavier$4660$31959538
801 #0 $aPT$bBN$gRPC
966 ## $lBN$mRESARQ$sAHBN/CR/08/Cx. 01-Mc. 02-64-154
971 ## $cmrosario$d20260513

OpendataBNP@bnportugal.pt | Mais informação sobre acesso aos dados BNP